[Veřejná správa a finance veřejného sektoru]

Recenzia na publikáciu z oblasti financovania verejného sektora. Text monografie je rozložený na dva samostatné celky. Jeden celok rieši problematiku verejnej správy a druhý celok sa zameriava na financovanie základných odvetví verejného sektora.

Salvato in:
Dettagli Bibliografici
Autore principale: Zubaľová, Alena, 1959-
Natura: Capitolo di libro
Lingua:slovacco
Soggetti:
Tags: Aggiungi Tag
Nessun Tag, puoi essere il primo ad aggiungerne!!

MARC

LEADER 00000naa$a2200000$$$4500
001 0002350
005 20230918082303.4
041 0 |a slo 
044 |a SK 
245 1 0 |a [Veřejná správa a finance veřejného sektoru]  |c Alena Zubaľová 
520 |a Recenzia na publikáciu z oblasti financovania verejného sektora. Text monografie je rozložený na dva samostatné celky. Jeden celok rieši problematiku verejnej správy a druhý celok sa zameriava na financovanie základných odvetví verejného sektora. 
610 2 0 |a správa verejná 
610 2 0 |a správa štátna 
610 2 0 |a financie verejné 
610 2 0 |a financovanie 
610 2 0 |a sektor verejný 
610 2 0 |a recenzie 
100 1 |a Zubaľová, Alena, 1959-